[Event "East Detroit (MCO/1)"]
[Site "?"]
[Date "1983.??.??"]
[Round "?"]
[White "Watson, Terry"]
[Black "Riggins, D.."]
[Result "0-1"]
[WhiteElo "1665"]
[BlackElo "2125"]
[PlyCount "56"]
[EventDate "1983.??.??"]

1. e4 Nf6 2. Nc3 d5 3. e5 Nfd7 4. d4 e6 5. Nf3 c5 6. Bf4 Be7 7. Be2 Nc6 8. dxc5
Bxc5 9. O-O a6 10. Re1 b5 11. Bf1 Bb7 12. Nxd5 exd5 13. e6 Nf6 14. exf7+ Kxf7
15. Ng5+ Kg8 16. Ne6 Qb6 17. Bc7 Qa7 18. Qd2 Ne4 19. Rxe4 dxe4 20. Qd7 Be7 21.
Bd6 Bf6 22. Nxg7 Rd8 23. Qe6+ Kxg7 24. Qg4+ Kf7 25. Rd1 Ne5 26. Qf5 Qb6 27. Be2
Rxd6 28. Bh5+ Ng6 0-1

[Event "East Detroit (MCO/1)"]
[Site "?"]
[Date "1983.??.??"]
[Round "?"]
[White "Ward, Tim"]
[Black "Wright, Walter"]
[Result "1-0"]
[WhiteElo "1900"]
[BlackElo "1605"]
[PlyCount "69"]
[EventDate "1983.??.??"]

1. d4 Nf6 2. c4 d5 3. cxd5 Nxd5 4. Nf3 Nc6 5. e4 Nb6 6. Be3 e6 7. Nc3 Bb4 8.
Be2 a6 9. O-O f6 10. a3 Bxc3 11. bxc3 Qe7 12. Re1 Bd7 13. d5 Na5 14. d6 Qd8 15.
Rb1 Nac4 16. Bxc4 Nxc4 17. dxc7 Qxc7 18. Qb3 Nxe3 19. Rxe3 b5 20. e5 Rc8 21.
exf6 gxf6 22. Rxe6+ Bxe6 23. Qxe6+ Kf8 24. Qxf6+ Kg8 25. Ne5 Re8 26. Rb4 h5 27.
Qg6+ Kf8 28. Rf4+ Ke7 29. Rf7+ Kd8 30. Qf6+ Kc8 31. Rxc7+ Kxc7 32. Qc6+ Kb8 33.
Nd7+ Ka7 34. Qb6+ Ka8 35. Qxa6# 1-0

[Event "East Detroit (MCO/5)"]
[Site "?"]
[Date "1983.??.??"]
[Round "?"]
[White "Ward, Tim"]
[Black "Proszkow, T.."]
[Result "1-0"]
[WhiteElo "1900"]
[BlackElo "1680"]
[PlyCount "67"]
[EventDate "1983.??.??"]

1. d4 Nf6 2. c4 g6 3. Nc3 Bg7 4. e4 d6 5. Be2 O-O 6. Bg5 h6 7. Be3 Nbd7 8. Qd2
Kh7 9. Nf3 c5 10. O-O-O Qa5 11. h3 b5 12. cxb5 a6 13. b6 Bb7 14. d5 Nxb6 15. g4
Nxe4 16. Nxe4 Qxa2 17. Nc3 Qa5 18. Kc2 Nd7 19. h4 Rab8 20. h5 g5 21. Qd3+ f5
22. Bxg5 c4 23. Qe3 Qb4 24. Rhg1 Nf6 25. Bxh6 Nxg4 26. Ng5+ Kxh6 27. Bxg4 Qb3+
28. Kc1 f4 29. Qxe7 Rbe8 30. Nf7+ Kh7 31. Qxd6 Bc8 32. Qg6+ Kg8 33. h6 Rxf7 34.
hxg7 1-0

[Event "East Detroit (MCO/1)"]
[Site "?"]
[Date "1983.??.??"]
[Round "?"]
[White "Vandenburg, V.E.."]
[Black "Puls, M.."]
[Result "1-0"]
[WhiteElo "1645"]
[BlackElo "2180"]
[PlyCount "133"]
[EventDate "1983.??.??"]

1. b4 d5 2. Bb2 Qd6 3. a3 e5 4. Nf3 Nd7 5. e3 g6 6. c4 c6 7. cxd5 cxd5 8. Nc3
a6 9. Rc1 Bg7 10. Be2 Ne7 11. O-O O-O 12. Ne1 f5 13. Qb3 Kh8 14. f3 Nf6 15. Nd3
b6 16. b5 Be6 17. Qb4 Qxb4 18. Nxb4 a5 19. Nd3 d4 20. Na4 Rab8 21. exd4 e4 22.
Nf2 Bh6 23. Rc7 Ned5 24. Rc6 Bd7 25. Rd6 Bf4 26. Rxd7 Nxd7 27. fxe4 fxe4 28.
Nxe4 Bh6 29. Rd1 Bg7 30. Bf3 Nf4 31. Nd6 Nf6 32. Nc4 N4d5 33. Ne3 Nxe3 34. dxe3
Rfe8 35. Re1 Ne4 36. Bc1 Bf6 37. Kf1 Kg8 38. Ke2 Nd6 39. Kd3 Re7 40. Nc3 Nf5
41. g3 Rc8 42. Bc6 Rd8 43. d5 Rc7 44. Bb2 Ne7 45. Kc4 Bg7 46. e4 g5 47. e5 Ng6
48. Na4 Re7 49. e6 Bxb2 50. Nxb2 Nf8 51. Na4 Rb8 52. Nc3 Kg7 53. Ne4 Kh6 54.
Rf1 Nxe6 55. Nd6 Kg6 56. Re1 Rd8 57. Nb7 Rb8 58. Rxe6+ Rxe6 59. dxe6 Kf6 60.
Kd5 Ke7 61. Nd6 Kf6 62. Nf7 h5 63. Kd6 g4 64. Kd7 a4 65. Nd6 Rh8 66. Nc8 Rxc8
67. Kxc8 1-0

[Event "East Detroit (MCO/5)"]
[Site "?"]
[Date "1983.??.??"]
[Round "?"]
[White "Vandenburg, V.E.."]
[Black "Brattin, Brian"]
[Result "0-1"]
[WhiteElo "1645"]
[BlackElo "1605"]
[PlyCount "104"]
[EventDate "1983.??.??"]

1. b4 e5 2. a3 d5 3. e3 c5 4. bxc5 Bxc5 5. Bb2 f6 6. c4 Nc6 7. cxd5 Qxd5 8. Nc3
Qf7 9. Rc1 Bb6 10. Nb5 Bc7 11. Nxc7+ Qxc7 12. Bc4 Nh6 13. Nf3 Nf7 14. O-O O-O
15. Ne1 Kh8 16. f4 exf4 17. Rxf4 Nfe5 18. Be2 Ng6 19. Rf2 Be6 20. Nd3 Qf7 21.
Nc5 Rac8 22. Ne4 Rfd8 23. Nxf6 Qe7 24. Nh5 Rg8 25. Qf1 Rcf8 26. Bd3 Rxf2 27.
Qxf2 Qf8 28. Rf1 Qxf2+ 29. Rxf2 Bg4 30. Bxg6 hxg6 31. Ng3 Be6 32. Ne4 Bf5 33.
Rf4 Re8 34. Ng5 Kg8 35. Rh4 Rd8 36. d4 Ne5 37. e4 Nc4 38. exf5 Nxb2 39. fxg6
Rc8 40. Re4 Nc4 41. a4 Nb6 42. a5 Nc4 43. Re5 Nxe5 44. dxe5 Rc5 45. Nf7 Rxa5
46. h4 b5 47. h5 b4 48. h6 gxh6 49. e6 Kf8 50. Nd8 b3 51. g7+ Kxg7 52. e7 Re5
0-1

[Event "Ann Arbor (MI Op/4)"]
[Site "?"]
[Date "1983.??.??"]
[Round "?"]
[White "Van Camp, W.."]
[Black "Noren, Kevin"]
[Result "0-1"]
[WhiteElo "2030"]
[BlackElo "2150"]
[PlyCount "116"]
[EventDate "1983.??.??"]

1. Nf3 c5 2. g3 Nc6 3. Bg2 e5 4. d3 Nge7 5. e4 d5 6. O-O d4 7. Nbd2 Ng6 8. Ne1
Bd6 9. Nc4 Bc7 10. a4 O-O 11. f4 exf4 12. gxf4 f5 13. e5 Be6 14. Qh5 Nge7 15.
Nf3 h6 16. Bd2 Nd5 17. Ng5 hxg5 18. fxg5 Nde7 19. g6 Nxg6 20. Qxg6 Qe8 21. Qxe8
Raxe8 22. Bxc6 bxc6 23. Nd6 Rd8 24. Bg5 Rd7 25. Bf4 Bd8 26. Rf2 g5 27. Rg2 Rg7
28. Bd2 Bd5 29. Rf2 f4 30. c4 Be6 31. Kg2 Be7 32. Re1 Rb8 33. Bc1 Rf8 34. Rd2
g4 35. Rdd1 f3+ 36. Kg3 Rh7 37. Rh1 Rb8 38. h4 Rh5 39. Ne4 Rf8 40. Bg5 Bxg5 41.
hxg5 Rxh1 42. Rxh1 Bf5 43. Nxc5 a5 44. Rh2 Kg7 45. Rd2 Kg6 46. Nb3 Kxg5 47.
Nxd4 Rh8 48. Nxf5 Kxf5 49. d4 Rh3+ 50. Kf2 Ke4 51. e6 g3+ 52. Kg1 Kf4 53. d5
f2+ 54. Rxf2+ gxf2+ 55. Kxf2 cxd5 56. cxd5 Ke5 57. e7 Rh8 58. d6 Kxd6 0-1

[Event "Ann Arbor (MI Op/7)"]
[Site "?"]
[Date "1983.??.??"]
[Round "?"]
[White "Van Camp, W.."]
[Black "Marfia, J.."]
[Result "1/2-1/2"]
[WhiteElo "2030"]
[BlackElo "2185"]
[PlyCount "72"]
[EventDate "1983.??.??"]

1. Nf3 c5 2. g3 g6 3. Bg2 Nc6 4. O-O Bg7 5. c4 e6 6. Nc3 Nge7 7. d3 O-O 8. Bg5
h6 9. Bf4 e5 10. Be3 b6 11. Nd2 f5 12. f4 d6 13. a3 Rb8 14. Bf2 Bb7 15. Nf3 Nd4
16. Nxd4 exd4 17. Nd5 Nxd5 18. cxd5 Qe7 19. Re1 b5 20. e3 dxe3 21. Rxe3 Qd7 22.
Qe2 Rbe8 23. Re1 Rxe3 24. Qxe3 Bxb2 25. Qe6+ Qxe6 26. Rxe6 Rf6 27. Re7 Rf7 28.
Re6 Rd7 29. Rxg6+ Kh7 30. Re6 Bxa3 31. g4 Bc1 32. gxf5 Bxf4 33. f6 Kg6 34. Be4+
Kf7 35. Bf3 Kg6 36. Be4+ Kf7 1/2-1/2

[Event "Ann Arbor (MI Op/2)"]
[Site "?"]
[Date "1983.??.??"]
[Round "?"]
[White "Van Camp, W.."]
[Black "Gordon, S.."]
[Result "1-0"]
[WhiteElo "2030"]
[BlackElo "1895"]
[PlyCount "45"]
[EventDate "1983.??.??"]

1. Nf3 d5 2. g3 Nf6 3. Bg2 g6 4. c4 c6 5. O-O Bg7 6. d3 O-O 7. Nc3 Bf5 8. Bg5
Qd7 9. Re1 Rd8 10. e4 Be6 11. Ne5 Qe8 12. exd5 cxd5 13. d4 Na6 14. Bxf6 Bxf6
15. cxd5 Bc8 16. Qb3 Rd6 17. Nc4 Rd7 18. Rad1 Qd8 19. Ne4 Rxd5 20. Nxf6+ exf6
21. Bxd5 Qxd5 22. Re8+ Kg7 23. Qa3 1-0

[Event "Ann Arbor (MI Op/6)"]
[Site "?"]
[Date "1983.??.??"]
[Round "?"]
[White "Van Camp, W.."]
[Black "Alaton, I.."]
[Result "1-0"]
[WhiteElo "2030"]
[BlackElo "1790"]
[PlyCount "49"]
[EventDate "1983.??.??"]

1. Nf3 Nf6 2. c4 e6 3. g3 b6 4. Bg2 Bb7 5. O-O Be7 6. Nc3 O-O 7. d4 d5 8. Ne5
Qc8 9. cxd5 exd5 10. Bg5 Qe6 11. Qb3 c5 12. Bxf6 gxf6 13. Nf3 c4 14. Qc2 f5 15.
e3 a6 16. Ne2 Nd7 17. Nf4 Qf6 18. Nh4 Kh8 19. Nxf5 Rg8 20. Bxd5 Bxd5 21. Nxd5
Qg6 22. Ndxe7 Qg5 23. Nxg8 Rxg8 24. Qe4 h5 25. Qf4 1-0

[Event "Ann Arbor (MI Op/3)"]
[Site "?"]
[Date "1983.??.??"]
[Round "?"]
[White "Unsino, S.."]
[Black "Schreiber, E.."]
[Result "0-1"]
[WhiteElo "1605"]
[BlackElo "1680"]
[PlyCount "58"]
[EventDate "1983.??.??"]

1. e4 e5 2. Nf3 Nc6 3. Bc4 Nf6 4. Ng5 Nxe4 5. Bxf7+ Ke7 6. d3 Nf6 7. Bb3 d5 8.
O-O h6 9. Nf3 Kf7 10. Re1 Bd6 11. Nc3 Be6 12. h3 Rf8 13. g4 Qd7 14. Nh4 g5 15.
Nf5 Bxf5 16. gxf5 Qxf5 17. Nxd5 Nxd5 18. Qh5+ Kg7 19. Bxg5 hxg5 20. Bxd5 Qxf2+
21. Kh1 Be7 22. Be4 Rh8 23. Qg4 Rxh3+ 24. Qxh3 Rh8 25. Qxh8+ Kxh8 26. Rf1 Qh4+
27. Kg1 Bc5+ 28. Kg2 Qg4+ 29. Kh1 Qh3# 0-1

[Event "Ann Arbor (MI Op/7)"]
[Site "?"]
[Date "1983.??.??"]
[Round "?"]
[White "Unsino, S.."]
[Black "Proszkow, T.."]
[Result "1-0"]
[WhiteElo "1605"]
[BlackElo "1680"]
[PlyCount "100"]
[EventDate "1983.??.??"]

1. e4 c5 2. Nf3 Nc6 3. d4 cxd4 4. Nxd4 g6 5. Nc3 Bg7 6. Be3 d6 7. Bc4 Nf6 8. f3
Ne5 9. Bb3 Bd7 10. Qd2 a6 11. O-O-O Rc8 12. g4 Nc4 13. Bxc4 Rxc4 14. h4 h5 15.
g5 Nh7 16. Nde2 O-O 17. Nd5 Rc6 18. Kb1 Re8 19. Nc1 Nf8 20. Nb3 b6 21. Bd4 Ne6
22. Bxg7 Kxg7 23. f4 Nc7 24. Nd4 Nxd5 25. Nxc6 Bxc6 26. exd5 Bd7 27. Qd4+ Kg8
28. Rhe1 Bf5 29. Re3 Qc7 30. Rc3 Qb7 31. Rb3 b5 32. a4 Rc8 33. Rc3 Rxc3 34.
bxc3 bxa4+ 35. Qb4 Qd7 36. Kb2 Bg4 37. Ra1 Bf3 38. Rxa4 Qg4 39. Rxa6 Qc8 40.
Rb6 Qc5 41. Rb8+ Kg7 42. Qd4+ Qxd4 43. cxd4 Bxd5 44. Ka3 Bc4 45. Kb4 d5 46. Rc8
f6 47. Rxc4 dxc4 48. Kxc4 Kf7 49. Kd5 fxg5 50. fxg5 Ke8 1-0

[Event "Ann Arbor (MI Op/4)"]
[Site "?"]
[Date "1983.??.??"]
[Round "?"]
[White "Unsino, S.."]
[Black "Geno, R.."]
[Result "0-1"]
[WhiteElo "1605"]
[BlackElo "1875"]
[PlyCount "72"]
[EventDate "1983.??.??"]

1. e4 e5 2. Nf3 Nc6 3. Bc4 Bc5 4. c3 Nf6 5. d4 exd4 6. cxd4 Bb4+ 7. Nc3 Nxe4 8.
O-O Bxc3 9. d5 Ne5 10. Nxe5 Bxe5 11. Re1 O-O 12. Rxe4 Re8 13. Qe2 d6 14. Bd2
Bf5 15. Re3 Bd4 16. Rxe8+ Qxe8 17. Qf3 Qe4 18. Qxe4 Bxe4 19. Re1 Bf5 20. Re7
Bb6 21. Bb5 Kf8 22. Re1 Bd4 23. b4 a6 24. Ba4 b5 25. Bd1 Re8 26. a4 Rxe1+ 27.
Bxe1 Be4 28. axb5 axb5 29. Bb3 Ke7 30. Kf1 Bd3+ 31. Kg1 h6 32. h4 Bc4 33. Bxc4
bxc4 34. Kf1 c3 35. b5 c2 36. Bd2 Bb2 0-1

[Event "Ann Arbor (MI Op/1)"]
[Site "?"]
[Date "1983.??.??"]
[Round "?"]
[White "Unsino, S.."]
[Black "Everett, Morgan"]
[Result "0-1"]
[WhiteElo "1605"]
[BlackElo "2030"]
[PlyCount "76"]
[EventDate "1983.??.??"]

1. e4 e5 2. Nf3 Nc6 3. Bc4 Nf6 4. Ng5 d5 5. exd5 Na5 6. Bb5+ c6 7. dxc6 bxc6 8.
Be2 h6 9. Nf3 e4 10. Ne5 Bc5 11. c3 Bd6 12. d4 exd3 13. Nxd3 O-O 14. O-O Qc7
15. g3 Bh3 16. Re1 c5 17. Bf4 Rad8 18. Bxd6 Rxd6 19. Qa4 Re8 20. Nf4 Bf5 21.
Na3 Re4 22. Nb5 Qb6 23. Qa3 Rd2 24. b4 cxb4 25. cxb4 Nc6 26. Nc3 Rxb4 27. Rad1
Rxf4 28. gxf4 Ng4 29. Rf1 Rxd1 30. Nxd1 Nd4 31. Bxg4 Bxg4 32. Ne3 Bf3 33. Re1
Qg6+ 34. Kf1 Qh5 35. Ng2 Be2+ 36. Rxe2 Qxe2+ 37. Kg1 Nf3+ 38. Kh1 Qf1# 0-1

[Event "East Detroit (MCO/1)"]
[Site "?"]
[Date "1983.??.??"]
[Round "?"]
[White "Turner, George"]
[Black "Thomas, Henry"]
[Result "1-0"]
[WhiteElo "2100"]
[BlackElo "1605"]
[PlyCount "23"]
[EventDate "1983.??.??"]

1. d4 f5 2. c4 Nf6 3. g3 e6 4. Bg2 Be7 5. Nf3 O-O 6. O-O Qe8 7. Nc3 c6 8. d5
cxd5 9. cxd5 Bd6 10. dxe6 Qxe6 11. Nd4 Qe7 12. Nxf5 1-0

[Event "East Detroit (MCO/3)"]
[Site "?"]
[Date "1983.??.??"]
[Round "?"]
[White "Turner, George"]
[Black "Palmer, Tony"]
[Result "1/2-1/2"]
[WhiteElo "2100"]
[BlackElo "1820"]
[PlyCount "73"]
[EventDate "1983.??.??"]

1. d4 Nf6 2. c4 e6 3. Nc3 Bb4 4. e3 O-O 5. Nf3 c5 6. Bd3 Nc6 7. O-O Bxc3 8.
bxc3 d6 9. d5 Ne7 10. e4 e5 11. Ne1 Ng6 12. Bg5 h6 13. Bd2 Nh7 14. Qh5 Nf6 15.
Qe2 Re8 16. g3 Qd7 17. Ng2 Qh3 18. f3 Ne7 19. Kh1 g5 20. Rae1 Nh5 21. Qf2 f5
22. exf5 Bxf5 23. Be2 Rf8 24. Ne3 Bd7 25. Qg2 Qxg2+ 26. Nxg2 Nf6 27. Bd3 Bf5
28. Bxf5 Nxf5 29. g4 Ng7 30. h4 Nh7 31. Kh2 Rf7 32. Kg3 Raf8 33. Rf2 Ne8 34.
hxg5 Nxg5 35. Nh4 Ng7 36. Bxg5 hxg5 37. Ng2 1/2-1/2

[Event "Ann Arbor (MI Op/3)"]
[Site "?"]
[Date "1983.??.??"]
[Round "?"]
[White "Turner, George"]
[Black "Laren, Philip"]
[Result "1-0"]
[WhiteElo "2080"]
[BlackElo "2155"]
[PlyCount "67"]
[EventDate "1983.??.??"]

1. d4 e6 2. c4 Nf6 3. Nf3 d5 4. Nc3 c5 5. e3 Nc6 6. Bd3 cxd4 7. exd4 dxc4 8.
Bxc4 Be7 9. O-O O-O 10. Be3 a6 11. Rc1 b5 12. Bd3 Bb7 13. Qe2 Rc8 14. Rfd1 Nb4
15. Bb1 Nbd5 16. Bg5 Nxc3 17. bxc3 Bd5 18. Ne5 Qc7 19. Rd3 Qb7 20. Rg3 g6 21.
Bd3 Be4 22. Bxf6 Bxd3 23. Ng4 h5 24. Rxd3 hxg4 25. Be5 Bg5 26. Rb1 Qd5 27. Qxg4
Qxa2 28. Rbd1 Bh6 29. Rh3 Bg7 30. Qh4 f6 31. Qh7+ Kf7 32. Bxf6 Rg8 33. Bxg7 Qe2
34. Be5+ 1-0

[Event "East Detroit (MCO/6)"]
[Site "?"]
[Date "1983.??.??"]
[Round "?"]
[White "Turner, George"]
[Black "Kavnatsky, V.."]
[Result "1/2-1/2"]
[WhiteElo "2100"]
[BlackElo "2285"]
[PlyCount "35"]
[EventDate "1983.??.??"]

1. d4 Nf6 2. c4 c5 3. d5 d6 4. Nc3 g6 5. e4 Bg7 6. Bd3 O-O 7. Nge2 e6 8. dxe6
Bxe6 9. O-O Nc6 10. f3 Nd7 11. b3 Nd4 12. Bb2 Ne5 13. Nxd4 Nxd3 14. Qxd3 Bxd4+
15. Kh1 f5 16. Na4 Bxb2 17. Nxb2 Qf6 18. Na4 1/2-1/2

[Event "East Detroit (MCO/5)"]
[Site "?"]
[Date "1983.??.??"]
[Round "?"]
[White "Turner, George"]
[Black "Everett, Morgan"]
[Result "1-0"]
[WhiteElo "2100"]
[BlackElo "2035"]
[PlyCount "70"]
[EventDate "1983.??.??"]

1. d4 f5 2. c4 Nf6 3. g3 e6 4. Bg2 Be7 5. Nf3 O-O 6. Nc3 c6 7. d5 d6 8. dxe6
Bxe6 9. b3 Qa5 10. Bd2 Qb6 11. O-O Kh8 12. Qc2 Na6 13. Rad1 Nc5 14. Be3 Ng4 15.
Bd4 Qc7 16. e3 Nd7 17. Ne2 Nde5 18. Qb2 Bf6 19. Rd2 Rad8 20. Rfd1 b6 21. Nf4
Bf7 22. Bc3 Qe7 23. Nd4 Qd7 24. h3 Nh6 25. Nxc6 Qc7 26. Nxd8 Rxd8 27. Nd5 Bxd5
28. Rxd5 Nhf7 29. f4 Nd7 30. Rxf5 Bxc3 31. Qxc3 Nh6 32. Rfd5 Nf6 33. R5d3 Qe7
34. Qe1 Nf7 35. g4 Re8 1-0

[Event "Ann Arbor (MI Op/5)"]
[Site "?"]
[Date "1983.??.??"]
[Round "?"]
[White "Turner, George"]
[Black "Czuhai, Kevin"]
[Result "0-1"]
[WhiteElo "2080"]
[BlackElo "2225"]
[PlyCount "62"]
[EventDate "1983.??.??"]

1. d4 Nf6 2. c4 g6 3. Nc3 d5 4. Nf3 Bg7 5. Bf4 O-O 6. h3 dxc4 7. e4 c5 8. d5
Qa5 9. Nd2 b5 10. a4 b4 11. Nb5 c3 12. bxc3 bxc3 13. Nc4 c2+ 14. Nxa5 cxd1=Q+
15. Rxd1 Nxe4 16. Nc7 Bc3+ 17. Ke2 Bxa5 18. Nxa8 Nc3+ 19. Ke1 Nxd5+ 20. Bd2
Bxd2+ 21. Rxd2 Bb7 22. Bc4 Nf4 23. Nc7 Nxg2+ 24. Ke2 Nf4+ 25. Ke3 Bxh1 26. Kxf4
Bc6 27. a5 e6 28. a6 Kg7 29. Rd6 Rc8 30. Nxe6+ fxe6 31. Bxe6 Rf8+ 0-1

[Event "Ann Arbor (MI Op/1)"]
[Site "?"]
[Date "1983.??.??"]
[Round "?"]
[White "Turner, George"]
[Black "Ballard, D.."]
[Result "1-0"]
[WhiteElo "2080"]
[BlackElo "1875"]
[PlyCount "79"]
[EventDate "1983.??.??"]

1. d4 d5 2. c4 c6 3. Nc3 Nf6 4. Nf3 e6 5. Bg5 Be7 6. e3 Nbd7 7. h3 Nf8 8. Bd3
dxc4 9. Bxc4 Ng6 10. Bd3 h6 11. Bxf6 gxf6 12. Qc2 Rg8 13. O-O-O f5 14. g4 Nh4
15. Nxh4 Bxh4 16. gxf5 Qf6 17. Ne4 Qe7 18. fxe6 Bxe6 19. Nc3 O-O-O 20. Be4 Kb8
21. Kb1 Rg7 22. Rd2 Rdg8 23. Rdd1 Rg5 24. d5 cxd5 25. Bxd5 Rc8 26. Qe4 Bxf2 27.
Bxe6 Qxe6 28. Qf4+ Re5 29. Qxf2 Rxe3 30. Rde1 Qg6+ 31. Qc2 Rxe1+ 32. Rxe1 Qg3
33. Rh1 Qf3 34. Qh2+ Ka8 35. Ka1 f5 36. Rg1 f4 37. Qg2 Qe3 38. Rf1 a6 39. Qf3
Re8 40. a4 1-0

[Event "East Detroit (MCO/4)"]
[Site "?"]
[Date "1983.??.??"]
[Round "?"]
[White "Turner, Darrell"]
[Black "Vandenburg, V.E.."]
[Result "1-0"]
[WhiteElo "1830"]
[BlackElo "1645"]
[PlyCount "61"]
[EventDate "1983.??.??"]

1. d4 d5 2. c4 e6 3. Nf3 Nf6 4. Bg5 Be7 5. e3 O-O 6. Bd3 Nbd7 7. O-O c6 8. Nc3
Ne8 9. Bxe7 Qxe7 10. Qc2 f5 11. cxd5 cxd5 12. Rac1 Nd6 13. Nb5 Nxb5 14. Bxb5
Nf6 15. Qc7 Qf7 16. Ne5 Qxc7 17. Rxc7 a6 18. Be2 Rb8 19. Rfc1 Ne8 20. Rxc8 Nd6
21. Rxf8+ Rxf8 22. Rc7 Rc8 23. Rxc8+ Nxc8 24. Nd7 Kf7 25. Nc5 Nd6 26. b4 Ke7
27. a4 b5 28. a5 Ne4 29. Nxa6 Nd6 30. Nc5 Nc4 31. a6 1-0

[Event "East Detroit (MCO/6)"]
[Site "?"]
[Date "1983.??.??"]
[Round "?"]
[White "Turner, Darrell"]
[Black "Mazuchowski, Tom"]
[Result "0-1"]
[WhiteElo "1830"]
[BlackElo "2155"]
[PlyCount "106"]
[EventDate "1983.??.??"]

1. e4 e5 2. Nf3 Nc6 3. Bb5 Nf6 4. O-O d6 5. Re1 Be7 6. Bxc6+ bxc6 7. d4 Nd7 8.
dxe5 dxe5 9. Nc3 O-O 10. Ne2 Bd6 11. Ng3 Nc5 12. h3 g6 13. Bg5 f6 14. Be3 Ne6
15. Qd3 Qe7 16. Qc4 Bd7 17. Nf5 gxf5 18. exf5 Kh8 19. fxe6 Qxe6 20. Qxe6 Bxe6
21. b3 Rg8 22. Kf1 c5 23. c4 a5 24. Nd2 Bf5 25. f3 Bd3+ 26. Kg1 f5 27. Bf2 Rge8
28. Re3 e4 29. Ree1 Be5 30. Rad1 Bd4 31. Nf1 Bc3 32. Bxc5 Bxe1 33. Rxe1 exf3
34. Bd4+ Kg8 35. Rd1 Be2 36. Rd2 Rad8 37. gxf3 c5 38. Bxc5 Bxf1 39. Rxd8 Rxd8
40. Kxf1 Rd2 41. a3 Rd3 42. b4 Rxf3+ 43. Kg2 Rxa3 44. bxa5 Rxa5 45. Bd6 Kf7 46.
Kg3 Ke6 47. c5 Ra4 48. h4 h5 49. Bf4 Kd5 50. Be3 Rg4+ 51. Kh3 f4 52. Bf2 Rg6
53. Kh2 Ke4 0-1

[Event "East Detroit (MCO/2)"]
[Site "?"]
[Date "1983.??.??"]
[Round "?"]
[White "Turner, Darrell"]
[Black "DuPuis, P.."]
[Result "0-1"]
[WhiteElo "1830"]
[BlackElo "2210"]
[PlyCount "110"]
[EventDate "1983.??.??"]

1. e4 c5 2. Nf3 e6 3. d4 cxd4 4. Nxd4 Nf6 5. Nc3 d6 6. Be2 Nc6 7. Be3 Be7 8.
O-O a6 9. Nxc6 bxc6 10. Qe1 O-O 11. f4 Rb8 12. Rb1 Qc7 13. Qg3 Kh8 14. e5 Ne8
15. Bd3 f5 16. exd6 Bxd6 17. Bd4 c5 18. Be5 Bxe5 19. fxe5 Rb4 20. Be2 Bb7 21.
Bf3 Bxf3 22. Rxf3 Rg8 23. Rd3 Rd4 24. Rbd1 Rxd3 25. Rxd3 c4 26. Rd2 Qb6+ 27.
Qf2 Qxb2 28. Qd4 Nc7 29. Qxc4 Qc1+ 30. Rd1 Qe3+ 31. Kf1 Qxe5 32. g3 Nb5 33. Ne2
Nc7 34. a4 Nd5 35. Qd4 Qxd4 36. Rxd4 Rc8 37. Rd2 Kg8 38. Nd4 Kf7 39. Nxf5 exf5
40. Rxd5 Ke6 41. Rd2 Rc4 42. Ke2 Rxa4 43. Rd8 Rc4 44. Kd3 Rc6 45. Ra8 g6 46. c4
Ke5 47. Ra7 h6 48. Kc3 g5 49. Kb4 f4 50. gxf4+ gxf4 51. Rh7 Rf6 52. Rd7 f3 53.
Rd1 f2 54. Rf1 Kd4 55. c5 Ke3 0-1

[Event "Ann Arbor (MI Op/4)"]
[Site "?"]
[Date "1983.??.??"]
[Round "?"]
[White "Thurman, John"]
[Black "Kensek, R.."]
[Result "0-1"]
[WhiteElo "1685"]
[BlackElo "2195"]
[PlyCount "60"]
[EventDate "1983.??.??"]

1. c4 Nf6 2. Nc3 e6 3. e4 d5 4. e5 d4 5. exf6 dxc3 6. fxg7 cxd2+ 7. Bxd2 Bxg7
8. Qc2 Qf6 9. Bc3 Qg6 10. O-O-O Qxc2+ 11. Kxc2 Bxc3 12. Kxc3 Bd7 13. Nf3 Nc6
14. Bd3 O-O-O 15. b4 f6 16. Rhe1 Rde8 17. b5 Ne7 18. a4 c5 19. Be4 Rd8 20. Rd6
Kc7 21. Red1 Nd5+ 22. R6xd5 exd5 23. Rxd5 b6 24. Rh5 Bg4 25. Rd5 f5 26. Rxd8
Rxd8 27. Bd5 Rxd5 28. cxd5 Bxf3 29. gxf3 Kd6 30. Kc4 h5 0-1

[Event "Ann Arbor (MI Op/2)"]
[Site "?"]
[Date "1983.??.??"]
[Round "?"]
[White "Thurman, John"]
[Black "Gabbara, Faris"]
[Result "1-0"]
[WhiteElo "1685"]
[BlackElo "2110"]
[PlyCount "84"]
[EventDate "1983.??.??"]

1. c4 g6 2. Nf3 Bg7 3. g3 Nf6 4. Bg2 d5 5. cxd5 Nxd5 6. Nc3 Nb6 7. O-O O-O 8.
d4 c6 9. Bf4 Na6 10. Rc1 Nc7 11. e4 Bg4 12. Ne2 Bxf3 13. Bxf3 e6 14. Qd2 Qe7
15. Bh6 Rfd8 16. Bxg7 Kxg7 17. Qf4 Ne8 18. Rc2 Nf6 19. Rfc1 Rd7 20. g4 h6 21.
Qe5 Rdd8 22. Qa5 Nh7 23. Bg2 Nf6 24. h3 Ne8 25. Qe5+ Qf6 26. Qg3 Rd7 27. b3 Nc7
28. a4 a5 29. Rc5 g5 30. Rf1 Re7 31. f4 Qg6 32. f5 exf5 33. gxf5 Qh5 34. f6+
Kg8 35. Bf3 Qg6 36. fxe7 Ne6 37. Qd6 h5 38. Re5 g4 39. hxg4 hxg4 40. Bg2 Qh6
41. Nf4 g3 42. Rh5 Qf6 1-0

[Event "Ann Arbor (MI Op/7)"]
[Site "?"]
[Date "1983.??.??"]
[Round "?"]
[White "Thurman, John"]
[Black "Fischman, R.."]
[Result "1-0"]
[WhiteElo "1685"]
[BlackElo "1900"]
[PlyCount "119"]
[EventDate "1983.??.??"]

1. c4 Nf6 2. Nc3 e5 3. g3 Bb4 4. d3 c6 5. Bd2 O-O 6. Bg2 d5 7. Qb3 Bxc3 8. bxc3
Na6 9. cxd5 Nxd5 10. c4 Nf6 11. Bc3 Re8 12. Rd1 Qe7 13. e4 Rb8 14. Nf3 Bg4 15.
Rd2 Bxf3 16. Bxf3 Red8 17. Qb2 Nc5 18. Bb4 a5 19. Bxc5 Qxc5 20. Ke2 b5 21. Rb1
Qd6 22. Qc3 b4 23. Qc2 c5 24. Bg2 Rb6 25. Qa4 Ra6 26. Bf3 Qd7 27. Qxd7 Nxd7 28.
a4 Rd6 29. Rb3 g5 30. Bg4 Nb6 31. Ra2 Rd4 32. Ke3 R8d6 33. h4 gxh4 34. gxh4 Rg6
35. f3 Nd7 36. Bxd7 Rxd7 37. Rb1 Rg3 38. Rh2 Rd6 39. h5 Rf6 40. Rf1 Kg7 41.
Rhh1 Kh6 42. Rf2 Rf4 43. Ke2 f5 44. Ke3 Rg5 45. Rfh2 fxe4 46. dxe4 Rg3 47. Rf2
Rf6 48. Rd1 b3 49. Rd3 Rb6 50. Rb2 Rb4 51. Rbxb3 Rxa4 52. Rd5 Rxc4 53. Rxe5 Rg5
54. Rb6+ Kxh5 55. Re7 Kh4 56. Kf4 h5 57. Rb2 Rg3 58. Rh7 Rh3 59. Rg2 Rc3 60.
Rg4# 1-0

[Event "East Detroit (MCO/6)"]
[Site "?"]
[Date "1983.??.??"]
[Round "?"]
[White "Thornton, Ivan"]
[Black "Suess, J.."]
[Result "1-0"]
[WhiteElo "1605"]
[BlackElo "1605"]
[PlyCount "122"]
[EventDate "1983.??.??"]

1. e4 e6 2. e5 d6 3. Nf3 d5 4. d4 a6 5. c4 Bb4+ 6. Bd2 Qe7 7. Qa4+ Nc6 8. c5
Bxd2+ 9. Nbxd2 Bd7 10. Bb5 Qd8 11. Bxc6 Bxc6 12. Qb3 Nh6 13. a4 Nf5 14. O-O O-O
15. Qc2 Qd7 16. Ng5 h6 17. Ngf3 Qe7 18. Nb3 f6 19. Na5 Rab8 20. b4 Bd7 21. Rab1
c6 22. b5 Qd8 23. b6 Be8 24. Qd3 Bg6 25. Rb3 Qe8 26. Qc3 Ne7 27. Nh4 Bh7 28.
Qh3 Qh5 29. Qxe6+ Qf7 30. Qd7 Rfd8 31. Qc7 Qe8 32. Nxb7 Rd7 33. Nd6 Rxc7 34.
Nxe8 Rxe8 35. bxc7 Nc8 36. Rb8 g5 37. Nf3 Bf5 38. e6 Kf8 39. Re1 g4 40. Nh4 Be4
41. f3 gxf3 42. gxf3 Bc2 43. f4 Bxa4 44. f5 Bc2 45. Ng6+ Kg7 46. Ne7 Rxe7 47.
Rxc8 Bxf5 48. Rg8+ Kxg8 49. c8=Q+ Kh7 50. Qxa6 Rg7+ 51. Kf2 Re7 52. Rg1 Bxe6
53. Qd3+ f5 54. Qa6 Bd7 55. Re1 Rf7 56. Qa7 h5 57. Re5 Kg6 58. Qb8 h4 59. Kg2
f4 60. Qd6+ Kh7 61. Rh5+ Kg7 1-0

[Event "East Detroit (MCO/4)"]
[Site "?"]
[Date "1983.??.??"]
[Round "?"]
[White "Thornton, Ivan"]
[Black "Morneau, F.."]
[Result "0-1"]
[WhiteElo "1605"]
[BlackElo "1655"]
[PlyCount "78"]
[EventDate "1983.??.??"]

1. e4 e5 2. Bc4 Nf6 3. Nc3 Nxe4 4. Nf3 Nxc3 5. dxc3 c6 6. Nxe5 d5 7. Qh5 g6 8.
Qf3 Qe7 9. O-O Qxe5 10. Bf4 Qf6 11. Rae1+ Be6 12. Bb3 g5 13. Bg3 Qxf3 14. gxf3
Bg7 15. Kh1 Nd7 16. Rg1 O-O 17. Bd6 Rfe8 18. Rxg5 f6 19. Rg3 Bf5 20. Reg1 Bg6
21. c4 dxc4 22. Bxc4+ Kh8 23. Bf7 Ne5 24. Bxe8 Rxe8 25. f4 Be4+ 26. f3 Nxf3 27.
Rd1 Nd4+ 28. Kg1 Ne2+ 29. Kf1 Nxg3+ 30. hxg3 Bxc2 31. Rd2 Ba4 32. Be7 Bb5+ 33.
Kf2 Kg8 34. Rd7 Bh6 35. Bc5 Re2+ 36. Kf3 Rxb2 37. a3 Be2+ 38. Ke3 Bg4 39. Bxa7
Bxd7 0-1

[Event "East Detroit (MCO/3)"]
[Site "?"]
[Date "1983.??.??"]
[Round "?"]
[White "Thornton, Ivan"]
[Black "Hagerty, M.."]
[Result "1-0"]
[WhiteElo "1605"]
[BlackElo "1605"]
[PlyCount "45"]
[EventDate "1983.??.??"]

1. e4 c5 2. Bc4 e6 3. e5 Nc6 4. Nf3 d6 5. d4 d5 6. Bb5 Be7 7. c3 Qc7 8. Bg5 a6
9. Bxc6+ Qxc6 10. Bxe7 Nxe7 11. Ng5 O-O 12. Qh5 h6 13. h4 Qc7 14. Nd2 Nf5 15.
g4 Nxd4 16. cxd4 cxd4 17. Ngf3 Bd7 18. g5 Be8 19. gxh6 f6 20. Qg4 g6 21. Qxe6+
Bf7 22. Qxf6 Rae8 23. Qg7# 1-0